LEADER 01381nam--2200421---450- 001 990000739730203316 005 20091020094531.0 010 $a956-7350-12-4 035 $a0073973 035 $aUSA010073973 035 $a(ALEPH)000073973USA01 035 $a0073973 100 $a20011114d1998----km-y0itay0103----ba 101 0 $aspa 102 $aES 105 $a||||||||001yy 200 1 $aAmerica Latina y Asia-Pacifico$eoportunidades ante la crisis$fPilar Alamos, Luz O'Shea, Manfred Wilhelmy 210 $a[Chile]$cInstituto de estudios internacionales$d1998 215 $a449 p.$d21 cm 225 2 $aCollecciòn estudios internacional 410 0$12001$aCollecciòn estudios internacional 606 $aAsia e America Latina$xRelazione economiche e commerciali 676 $a337.5 700 1$aALAMOS,$bPilar$0549750 701 1$aO'SHEA,$bLuz$0549751 702 1$aWILHELM,$bManfred 801 0$aIT$bsalbc$gISBD 912 $a990000739730203316 951 $a337.5 ALA 1 (IG VIII 10 921)$b31523 G.$cIG VIII$d00008150 959 $aBK 969 $agiu 979 $aCHIARA$b40$c20011114$lUSA01$h1000 979 $aCHIARA$b40$c20011114$lUSA01$h1002 979 $c20020403$lUSA01$h1722 979 $aPATRY$b90$c20040406$lUSA01$h1651 979 $aRSIAV2$b90$c20091020$lUSA01$h0945 996 $aAmerica Latina y Asia-Pacifico$9963882 997 $aUNISA